000 00680nam a22001817a 4500
999 _c18912
_d18912
003 AR-CdUCM
008 190515b ||||| |||| 00| 0 spa d
040 _aMUNICIPALIDAD PROVINCIAL DEL CUSCO
_cBIBLIOTECA MUNICIPAL DEL CUSCO
082 _a658.3 /
_bP12
100 _aPackard, Vance.
_911280
245 _aLa sociedad desnuda /
260 _aBuenos Aires :
_bSudamericana,
_c1969.
300 _a386 páginas ;
_c21 cm.
505 _aContenido : El individuo acosado -- Como desnudar al aspirante a un empleo -- Los ojos ocultos de la empresa -- El tráfico activo de datos que nos conciernen ...
650 _aSociedad.
_953
942 _2ddc
_cLIBROS
945 _arum
_d2019-05-15